LEADER 01160nam0 22002771i 450 001 UON00298914 005 20231205103955.23 010 $a27-453-1582-X 100 $a20070712d2007 |0itac50 ba 101 $afre 102 $aFR 105 $a|||| 1|||| 200 1 $aˆLa ‰langue du royaume de Méroé$eun panorama de la plus ancienne culture écrite d'Afrique subsaharienne$fClaude Rilly 210 $aParis$cLibrairie Honoré Champion$d2007 215 $ax, 617 p.$d23 cm 410 1$1001UON00034997$12001 $aBibliothèque de l'Ecole des Hautes Etudes. Section des Sciences historiques et philologiques$v344 606 $aLINGUISTICA MEROITICA$3UONC066815$2FI 620 $aFR$dParis$3UONL002984 700 1$aRILLY$bClaude$3UONV069335$0688433 712 $aChampion$3UONV248947$4650 801 $aIT$bSOL$c20240220$gRICA 899 $aSIBA - SISTEMA BIBLIOTECARIO DI ATENEO$2UONSI 912 $aUON00298914 950 $aSIBA - SISTEMA BIBLIOTECARIO DI ATENEO$dSI EG III e 048 $eSI AA 28745 5 048 996 $aLangue du royaume de Méroé$91380289 997 $aUNIOR